000 00407nam a22001697a 4500
005 20160514120106.0
008 160514b xxu||||| |||| 00| 0 eng d
020 _a981-243-519-5
041 _aeng
082 _b2168
100 _aRobert L. Mathis John H. Jackson
_9624
245 _aHuman Resource Management
260 _bEastant Pears
_c2003
300 _a621
650 _aManagement
_9241
942 _cBK
999 _c804
_d804